000 00764nam a2200265Ia 4500
001 Z_1837
003 CHAP
008 220113s1997 xx 000 0 und d
010 _a164931
040 _cCHAP
090 _aTesis C 1249
100 _aCorona Pacheco, Miguel
_928119
245 _aAspectos técnicos involucrados en la cría del venado cola blanca (Odocoileus virginianus) /
_cpor Miguel Corona Pacheco
260 _aChapingo, Méx. :
_bEl autor,
_c1997
300 _a96 h
502 _aTesis (Ing. Agr. Esp. en Zootecnia) -- UACH. Departamento de Zootecnia
650 _aVenados
_9118663
650 _aVenados
_xProducción
_9128672
901 _aTESIS C 1249
902 _aM
910 _a1997
942 _c2
942 _c2
999 _c164931
_d164931